000 00742cam a2200229 a 4500
001 000007453
005 20200929154157.0
008 920825s1991 cu 001 e spa
040 _aDO-SdBNP
_cDLC
082 _aA864.44
_bS319m
100 1 _aScheines, Graciela I.
_920726
245 1 4 _aLas metáforas del fracaso :
_bSudamérica, ¿geografía del desencuentro? /
_cGraciela Scheines.
260 _aCiudad de La Habana, (Cuba) :
_bCasa de las Américas,
_cc1991.
300 _a192 p. ;
_c19 cm.
490 1 _aMedio milenio
586 _aPremio extraordinario
650 4 _aEnsayos argentinos
_910689
650 4 _aLiteratura argentina
_93860
830 0 _aMedio milenio
_920727
910 _aCatalogación por copia / LC
049 _aBNGR
999 _c7234
_d7234